| 000 | 006000000a22001810004500 | ||
|---|---|---|---|
| 003 | MACL | ||
| 005 | 20160601104703.0 | ||
| 008 | 160601b xxu||||| |||| 00| 0 eng d | ||
| 040 |
_aMACL _cMACL |
||
| 041 | _aHindi | ||
| 082 | _a900 RAS | ||
| 100 |
_aरस्तोगी, आलेक कुमार _961112 |
||
| 245 |
_aक्रांति समिधा _cआलोक कुमार रस्तोगी |
||
| 260 |
_aनई दिल्ली _bगौरव बुक्स _c2011 |
||
| 350 | _a180 | ||
| 650 |
_aइतिहास _961113 |
||
| 942 |
_cHIN _k900/RAS _2ddc |
||
| 999 |
_c48132 _d48132 |
||